LEADER 01595nam0 2200289 450 001 000008242 005 20090210133353.0 100 $a20070912d1855----km-y0itay50------ba 101 0 $aita 102 $aIT 105 $ay-------001yy 200 1 $aPrincipi della scienza del ben vivere sociale e della economia pubblica e degli stati$fdi Lodovico Bianchini 210 $aNapoli$cdalla Stamperia reale$d1855 215 $aXII, 404 p. 300 $aOcchietto 316 $aLegatura in mezza pelle su piatti di cartone ricoperti di carte decorate (26x18x3 cm); dorso con A., tit. e dec. impressi in oro; ivi, inoltre, etichette con antiche segnature; foxing$5UNIPARTHENOPE 317 $aSulla controg. ant. antiche segnature mss.: 12-E- [n.i.]; Classe VII N. 51 Ingresso n.o 3096 del Registro inventario della Regia Marina Biblioteca ...; ivi , inoltre, ex libris della Reale Biblioteca di Marina; infine nn. n.i.:108, 226, l8; sul r. della c. di g. ant: coll. del Registro..., a matita; sul v. dell'Occh. nota ms. parz. identificato: 7°-F-541-pag 40 Deposito; timbro A della Reale Biblioteca di Marina: front. (2), a3r$5UNIPARTHENOPE 620 $aItalia$dNapoli 676 $a361.6$v21 700 1$aBianchini,$bLodovico$04265 712 02$aStamperia reale $4650 712 02$aDue Sicilie : Ministero della guerra e della marina$4390 801 0$aIT$bUNIPARTHENOPE$c20070912$gRICA$2UNIMARC 912 $a000008242 951 $aBORB-A-40$b3096$cFB$d2007 996 $aPrincipi della scienza del ben vivere sociale e della economia pubblica e degli stati$9111331 997 $aUNIPARTHENOPE